| 000 | 01211nam a22002537a 4500 | ||
|---|---|---|---|
| 001 | BRCA_9199 | ||
| 003 | FranzMayer | ||
| 005 | 20220809133107.0 | ||
| 008 | 220711b |||||||| |||| 00| 0 spa d | ||
| 020 | _a9786078566174 | ||
| 040 |
_bspa _cMFM |
||
| 041 | 1 |
_aspa _aeng |
|
| 050 |
_aNX175 _bM63 2018 |
||
| 245 |
_aModos de ver, hacer y usar = ways of seeing, making and using / _ccoord. ed. Martha Tappan, Blanche Toffel |
||
| 260 |
_aMéxico : _bInvestigaciones y Estudios Superiores, Universidad Anáhuac México, _c2018 |
||
| 300 |
_a191 p. : _bil, fot. col. ; _c20 x 28 cm. |
||
| 500 | _aUbicación: L59-N5 | ||
| 504 | _aReferencias: p. 187 | ||
| 520 | _aModos de Ver, Hacer y Usar el diseño presenta una mirada retrospectiva del trabajo que se ha llevado a cabo en la Escuela de Diseño a lo largo de más de una década. Durante estos años, nuestra propuesta académica se ha ido enriqueciendo mediante una serie de actividades y vinculaciones estratégicas con el sector público y privado de México y el extranjero. - Ricardo I. Salas Moreno | ||
| 546 | _aEspañol/Inglés | ||
| 650 |
_aArtes _xDiseño _xModa _xDecoración de interiores _928440 |
||
| 942 |
_2lcc _cB |
||
| 999 |
_c10818 _d10818 |
||